000 00737nam a2200241Ia 4500
003 OSt
005 20220926031304.0
006 a|||||r|||| 00| 0
007 ta
008 220923b |||||||| |||| 00| 0 eng d
037 _cGeneral Book
040 _aRTL
_cRTL
_beng
041 _2eng
_aeng
082 _aX9(J):75-77.1.N7, L0.1
110 _aFood And Agriculture Organization
245 0 _aProvisional indication world plan for agricultural
260 _aRome
_bFood And Agriculture Organization
_c1970
490 _vV1
650 _aAgricultural Industry - Crisis
_9231498
700 _aFood And Agriculture Organization
942 _hX9(J):75-77.1.N7, L0.1
_cGB
_2CC
999 _c651975
_d651975